Matematická analýza pro fyziky (V)

Gespeichert in:
Bibliographische Detailangaben
1. Verfasser: Čihák, Pavel a kol (Verfasst von)
Format: Buch
Sprache:Tschechisch
Veröffentlicht: Praha : Matfyzpress, 2001
Tags: Tag hinzufügen
Keine Tags, Fügen Sie das erste Tag hinzu!

MARC

LEADER 00000nam a22000003a 4500
001 stu76270
005 20150617225645.4
008 020625s2001----xr------------------cze-d
020 |a 80-85863-65-0 
040 |a STU  |b slo 
041 0 |a cze 
044 |a xr 
080 |a 517:53(075.8) 
100 1 |a Čihák, Pavel a kol.  |4 aut 
245 1 |a Matematická analýza pro fyziky (V) 
260 |a Praha :  |b Matfyzpress,  |c 2001 
300 |a 320 s. Lit.,index 
996 |b CS72809  |c C*S72809  |l CCXIII  |s P  |a 0  |w stu76270_0001